<?xml version="1.0" encoding="UTF-8"?>
<record
    xmlns:xsi="http://www.w3.org/2001/XMLSchema-instance"
    xsi:schemaLocation="http://www.loc.gov/MARC21/slim http://www.loc.gov/standards/marcxml/schema/MARC21slim.xsd"
    xmlns="http://www.loc.gov/MARC21/slim">

  <leader>00378nam a22001457a 4500</leader>
  <controlfield tag="003">OSt</controlfield>
  <controlfield tag="005">20230916114111.0</controlfield>
  <controlfield tag="008">230916b        |||||||| |||| 00| 0 eng d</controlfield>
  <datafield tag="020" ind1=" " ind2=" ">
    <subfield code="a">9789355854575</subfield>
  </datafield>
  <datafield tag="040" ind1=" " ind2=" ">
    <subfield code="c">COMPLIMENTARY</subfield>
  </datafield>
  <datafield tag="082" ind1=" " ind2=" ">
    <subfield code="2">i</subfield>
    <subfield code="a">510</subfield>
    <subfield code="b">510/SHI/NIR</subfield>
  </datafield>
  <datafield tag="245" ind1=" " ind2=" ">
    <subfield code="a">BASIC MATHEMATICS</subfield>
    <subfield code="c">SHINDE VITTHAL B</subfield>
  </datafield>
  <datafield tag="260" ind1=" " ind2=" ">
    <subfield code="a">PUNE</subfield>
    <subfield code="b">TECHNICAL PUBLICATION</subfield>
    <subfield code="c">2023</subfield>
  </datafield>
  <datafield tag="942" ind1=" " ind2=" ">
    <subfield code="2">ddc</subfield>
    <subfield code="c">BK</subfield>
    <subfield code="n">0</subfield>
  </datafield>
  <datafield tag="999" ind1=" " ind2=" ">
    <subfield code="c">35962</subfield>
    <subfield code="d">35962</subfield>
  </datafield>
  <datafield tag="952" ind1=" " ind2=" ">
    <subfield code="0">0</subfield>
    <subfield code="1">0</subfield>
    <subfield code="2">ddc</subfield>
    <subfield code="4">0</subfield>
    <subfield code="7">0</subfield>
    <subfield code="8">AFT</subfield>
    <subfield code="a">428</subfield>
    <subfield code="b">1234</subfield>
    <subfield code="d">2023-09-16</subfield>
    <subfield code="l">1</subfield>
    <subfield code="p">AFT8320</subfield>
    <subfield code="r">2023-09-16</subfield>
    <subfield code="s">2023-09-16</subfield>
    <subfield code="w">2023-09-16</subfield>
    <subfield code="y">BK</subfield>
  </datafield>
</record>
